| 000 | 00692 a2200181 4500 | ||
|---|---|---|---|
| 010 | _aENG-141468 | ||
| 020 |
_a9788175055094 _c400.00 |
||
| 035 | _aEN-125000 | ||
| 037 | _bDBAD | ||
| 082 | 1 | 4 |
_a181.499 _2First |
| 100 |
_aSwami ,Medhasananda _970591 |
||
| 245 | 1 |
_aThe Story Of India-Japan Relationship; Swami Vivekananda & Okakura Tenshin, The Modern Era Pioneers/ _cEdited By Swami Medhasananda |
|
| 260 |
_aKolkata _bAdvaita Ashrama _c2020 |
||
| 270 |
_aPublication House of Ramakrishna Math, 5 Dehi Entally Road ,Kolkata _b Kolkata _e700014 _mmail@advaitaashrama.org |
||
| 300 |
_a464p.: _c22cm(Pb) |
||
| 700 | _970554 | ||
| 942 |
_adpl _cEN _2ddc _h181.499 _mMED _eFirst |
||
| 999 |
_c205308 _d205308 |
||